[Event "Corus"]
[Site "Wijk aan Zee"]
[Date "2000.01.27"]
[Round "10"]
[White "Leko, Peter"]
[Black "Kortschnoj, Viktor Lvovich"]
[Result "1-0"]
[WhiteElo "2725"]
[BlackElo "2659"]
[Annotator "Finkel,A"]
[PlyCount "85"]
[EventDate "2000.01.15"]
[EventType "tourn"]
[EventRounds "13"]
[EventCountry "NED"]
[EventCategory "18"]
[SourceTitle "CBM 075"]
[Source "ChessBase"]
[SourceDate "2000.04.05"]
[SourceVersion "1"]
[SourceVersionDate "2000.04.05"]
[SourceQuality "1"]

{[%mdl 12320]} 1. e4 {Kortschnoj.} e6 2. d4 d5 3. Nc3 Nf6 4. Bg5 dxe4 5. Nxe4
Nbd7 6. Nxf6+ Nxf6 7. Nf3 c5 8. Bb5+ Bd7 9. Bxd7+ Qxd7 10. Qe2 (10. Bxf6 gxf6
11. O-O (11. c3 cxd4 (11... O-O-O 12. Qe2 cxd4 13. Nxd4 Bc5 14. Nb3 Bb6 {
1/2-1/2 Reeh,O-Atalik,S/Budapest Kasparov 1991/EXP 24}) 12. Qxd4 $11 {1/2-1/2
Dzindzichashvili,R-Gurevich,D/USA-ch G2 1997}) 11... cxd4 12. Qxd4 Qxd4 13.
Nxd4 Bc5 14. Rad1 Rd8 15. Nb3 Bb6 $11 {Ghinda-Luther, Ikaria, 1993}) 10... Be7
{Too dangerous is} (10... cxd4 $6 11. O-O-O Be7 (11... Bc5 12. Qe5 $1 $16 (12.
Kb1 $5 Qa4 13. Qe5 Rc8 14. Bxf6 gxf6 15. Qxf6 Qxc2+ 16. Ka1 O-O 17. Ne5 $14 {
Sturua,Z-Gretarsson,H/Elista olm 1998})) 12. Rxd4 Qc7 $6 13. Qb5+ Qc6 14. Qxc6+
bxc6 15. Rc4 c5 16. Bxf6 gxf6 17. Rd1 $16 {Mikhalchishin-Chernin/Cienfuegos/
1981}) 11. dxc5 $5 (11. O-O-O O-O 12. Kb1 (12. dxc5 Qa4 (12... Qc7 13. Ne5 Qxc5
14. Bxf6 Bxf6 15. Nd7 Qg5+ 16. Kb1 $36 {Fercec,N-Tukmakov,V/Zadar op 1997}) 13.
Kb1 Bxc5 (13... Rad8 14. Ne5 h6 15. Bxf6 Bxf6 16. f3 Rd4 17. Rxd4 Qxd4 18. Nd3
Rd8 19. Re1 Qa4 20. f4 $14 {Dolmatov,S-Gurevich,/1992}) (13... Rfd8 $13) 14.
Bxf6 gxf6 15. Rd3 $146 (15. Ne1 Rfd8 16. Nd3 Bf8 17. f4 Rd5 18. Rhf1 Rad8 $10 {
1/2-1/2 Leko, P.-Korchnoi, V./Vienna AUT /1996 (24)}) 15... Rfd8 16. Rhd1 Rxd3
17. Rxd3 Qg4 $13 {Hernandez,G-Kortschnoj,V/Merida m 1996}) (12. Rhe1 Rfd8 13.
d5 Nxd5 14. Rxd5 Qxd5 15. Bxe7 Qxa2 $1 16. Bxd8 Qa1+ 17. Kd2 Rxd8+ 18. Ke3 Qxb2
$40 {Timman}) 12... Qc7 13. dxc5 (13. d5 $5 {[%cal Ge2e7,Gg5e7]} exd5 $1 (13...
Nxd5 14. Rxd5 $1 exd5 15. Qxe7 Qxe7 16. Bxe7 Rfc8 17. c3 $14) 14. Rhe1 Bd8 (
14... Rfe8 $2 15. Bxf6 gxf6 16. Rxd5 $16) 15. Bxf6 Bxf6 16. Rxd5 $11 {
Nisipeanu,L-Rogozenko,D/Ciocaltea mem 1998}) 13... Qxc5 14. Ne5 Rfd8 15. Bxf6
Bxf6 16. Nd7 Qc6 (16... Qe7 $1 17. Qb5 a6 $1 18. Nxf6+ Qxf6 19. Qb6 Qe7 $10)
17. Nxf6+ gxf6 18. Qg4+ Kf8 19. Qb4+ Kg7 $11 {Timman,J-Kortschnoj,V/WchT
Luzern 1989}) 11... O-O ({In previous game in this position black opted for} 
11... Bxc5 $6 {and was punished very quickly:} 12. Ne5 Qa4 13. O-O O-O 14. Bxf6
gxf6 15. Qf3 $1 $16 {Hracek,Z-Slobodjan,R/MK Cafe Cup Open A 1999}) 12. Ne5 Qd5
13. O-O Bxc5 14. Rfe1 {'+/=!' Kortschnoj.} (14. Rad1 Qe4) 14... Nd7 (14... Rfd8
$2 15. Rad1 Qxa2 16. Bxf6 gxf6 17. Qg4+ Kf8 18. Nd7+ $18) (14... Bd6 $2 {
Kortschnoj} 15. Bxf6 gxf6 16. Qg4+ Kh8 17. Rad1 $18) (14... Bd4 $5 {Kortschnoj}
15. Rad1 (15. Nf3 Bb6 $14) 15... Qxe5 $14) 15. Nf3 f6 $2 {Miscalculation!On
the first hand look it seems that black gets strong compensation for the pawn,
but he misses just one move of white and it becomes clear that there is no
compensatin and...there is no pawn!} (15... Qc6 $5 16. Rad1 Rfe8) (15... Rfe8 {
Kortschnoj} 16. Rad1 Qc6 17. Qd2 Nf8 18. Ne5 Qc7 $14) 16. Rad1 Qc6 17. Qxe6+ $1
Qxe6 18. Rxe6 fxg5 19. Rxd7 g4 {[%csl Rf2][%cal Gf8f2]} 20. Re5 $1 $16 {
That is the move that black has overlooked. '!' Kortschnoj. Kortschnoj: 'This
move, in fact, refutes the pawn sacrifice. 20...Bb6 fails due to 21.Rg5. Black
does not get proper compensation for a pawn.'} Rad8 $8 (20... Bb6 21. Rg5 {
[%cal Gg5g4,Gg5g7]} (21. Ree7 $5 Rf4 22. Rxg7+ Kh8 23. Rxh7+ Kg8 24. Ne5 Rxf2
25. Rhg7+ Kf8 26. Ng6+ Ke8 27. Rge7#) 21... Rfd8 22. Rgxg7+ Kf8 23. Ng5 $18)
21. Rxd8 Rxd8 22. Ne1 Bd4 ({Another portion of bad luck:} 22... Rd1 {Kortschnoj
} 23. Kf1 Bd4 $2 24. Rd5 Rd2 25. Rd8+ Kf7 26. Nd3 $18) 23. Rb5 Bb6 24. c4 {
[%cal Gc4c5] White's play in the endgame is extremly accurate,but for the
player of Leko's standard to win such endgame is just a metter of technique.
'!' Kortschnoj. Kortschnoj: 'Again the only move.'} (24. Nd3 $2 Rc8 25. Nb4 (
25. c3 Rd8 {Kortschnoj: 'and it is already white who is in danger.'} 26. Ne1
Rd2 $17) 25... Rf8 26. Nd3 Rc8 $11) 24... Rd1 25. Kf1 Rc1 26. b3 Kf8 {'?'
Kortschnoj. Kortschnoj: 'After this move black will not be able to put up any
resistance.'} ({Whether it works or not,he had to give up the second pawn.} 
26... Bd4 $1 {Kortschnoj} 27. Rxb7 Ra1 $1 28. a4 Bc3 29. Re7 Bb4 30. Re5 (30.
Re3 Rb1 {white is bound hand and foot and hardly can win.}) 30... Kf7 31. c5
Kf6 32. Re4 a5 33. c6 Kf5 34. Re2 Rc1 35. c7 Rxc7 {still with drawing chances..
.} (35... Bxe1 36. Rxe1 Rxc7)) 27. a4 {[%cal Ga4a5] '+/-!' Kortschnoj.} ({Not} 
27. Ke2 $2 {Kortschnoj} Ra1 28. c5 Rxa2+ 29. Kd3 Ra5 {and black will survive.})
27... Bd4 {[%cal Gd4c3]} 28. Ke2 b6 (28... Bc3 29. Nd3 Rc2+ 30. Ke3 b6 31. c5
Bd2+ 32. Kd4 $18) 29. Rd5 Bf6 (29... Bc5 $5 30. Nd3 Rc2+ 31. Kd1 Rc3 32. Rf5+
Kg8 $1 (32... Ke8 33. Nxc5 bxc5 34. Rxc5 (34. Re5+ Kd7 35. Re3 Rxe3 36. fxe3 a5
37. Ke2 Ke6 38. Kd3 Ke5 39. g3 g5 $11) 34... Rxb3 35. Rc7 $18) 33. Nxc5 bxc5
34. Rxc5 Rxb3 35. Rc8+ Kf7 36. Rc7+ Kf6 37. Rxa7 Rc3 $16) 30. Nd3 Rc3 (30...
Rb1 $5) (30... Rh1 {Kortschnoj} 31. Rd7 a5 {however desperate it looks was
worth trying...}) 31. Rb5 h5 32. Kd2 h4 33. Nf4 h3 $8 34. g3 {'+-' Kortschnoj.}
Kg8 35. Nd5 Rf3 36. Ke2 Bd4 37. Ne3 {[%csl Rg4]} Bc5 38. b4 Bf8 (38... a6 39.
bxc5 axb5 40. cxb5 bxc5 41. b6 $18 {[%cal Ga4a7,Gb6b7]}) 39. a5 bxa5 40. bxa5
a6 41. Rb8 Kf7 42. Nxg4 Rf5 43. f4 1-0

[Event "IND-ch"]
[Site "Mumbai"]
[Date "2003.01.29"]
[Round "18"]
[White "Bakre, Tejas"]
[Black "Ravi, Lanka"]
[Result "1-0"]
[WhiteElo "2464"]
[BlackElo "2419"]
[Annotator "Finkel,A"]
[PlyCount "91"]
[EventDate "2003.01.18"]
[EventType "tourn"]
[EventRounds "21"]
[EventCountry "IND"]
[EventCategory "8"]
[SourceTitle "CBM 094"]
[Source "ChessBase"]
[SourceDate "2003.05.26"]
[SourceVersion "1"]
[SourceVersionDate "2003.05.26"]
[SourceQuality "1"]

1. e4 e6 2. d4 d5 3. Nc3 Nf6 4. Bg5 dxe4 5. Nxe4 Be7 6. Bxf6 gxf6 7. Nf3 a6 {
Thanks to the efforts of A.Morozevich this variation has become very popular.}
(7... Nd7 $5 8. Bd3 c5 9. O-O O-O 10. Qd2 f5 11. Nxc5 Nxc5 12. dxc5 Bf6 $5 $44
{Rogers,I-Short,N/Novi Sad olm 1990}) (7... Qd5 8. Bd3 Bd7 9. O-O Nc6 10. c4
Qh5 11. Ng3 Qg4 12. d5 $14 {Lendwai,R-Fauland,A/Graz 1991}) 8. g3 (8. Qd2 f5 9.
Nc3 b5 10. O-O-O {1/2-1/2 Watson,W-Anand,V/Palma de Mallorca GMA 1989}) (8. Bd3
Nd7 9. Qe2 c5 10. dxc5 Qa5+ 11. Qd2 Qxd2+ 12. Nfxd2 Nxc5 13. Nxc5 Bxc5 $11 {
Cohn,E-Swiderski,R/Wien 1908}) 8... b5 (8... f5 9. Nc3 Bf6 10. Bg2 c5 11. d5
Qb6 12. Rb1 O-O 13. O-O Rd8 14. Re1 $6 Nc6 15. Qc1 Nd4 $13 {Glek,I-Short,N/
ICC-0.05(+5s/z) 2000/[IG]}) 9. Bg2 Bb7 10. Qe2 Bd5 (10... Nd7 11. O-O O-O 12.
Rfd1 $5 (12. Rad1 $6 Bd5 13. Rfe1 Kh8 14. Nfd2 (14. a3 c6 15. Nc3 f5 16. Ne5
Nxe5 17. dxe5 $14 {[%cal Ge2e3,Gc3e2,Ge2f4]}) 14... c6 15. c4 bxc4 16. Nxc4 a5
$5 $132 {Polgar,J-Morozevich,A/Corus 2000}) 12... Bd5 13. c3 f5 14. Ned2 c5 15.
dxc5 Nxc5 16. Nf1 {[%cal Gf1e3,Gd1d8]} (16. c4 $6 Bb7 17. Nb3 Qb6 18. Nxc5 Bxc5
19. Ne5 Bxg2 20. Kxg2 Bd4 $11 {Glek,I-Schlosser,P/Deizisau e.V. 2000}) 16...
Qc7 17. Rxd5 $5 exd5 18. Ne3 $44 {[%csl Rd5,Rf5][%cal Gf3d4] Kasparov,
G-Gurevich,M/Sarajevo 2000/CBM 77}) 11. Qe3 $5 {A new move in well-known
position. The idea behind 11.Qe3 is to prevent black from playing c5.} (11. Nc3
c6 12. O-O-O (12. Nxd5 cxd5 13. c3 (13. O-O O-O 14. a4 b4 15. c4 bxc3 16. bxc3
Nc6 17. c4 $14 {Gross,D-Kuraszkiewicz,M/Germany 2000}) 13... Nc6 (13... O-O)
14. a4 O-O 15. O-O Qb6 16. b4 $14 {Lutz,C-Morozevich,A/Frankfurt 1999}) 12...
Nd7 13. Kb1 Nb6 14. Rhe1 Qc7 15. Nh4 h5 16. f4 f5 17. Nf3 O-O-O 18. Ne5 $14 {
Leko,P-Morozevich,A/Frankfurt 1999}) (11. Ned2 c5 (11... Nd7 12. O-O O-O 13.
Rfd1 Nb6 14. c3 Na4 $6 15. Nf1 c6 16. Ne3 Qa5 17. Qc2 Rac8 18. a3 $1 $16 {
Glek,I-Volkov,S/Korinthos 2000}) 12. dxc5 Bxc5 13. O-O-O Ra7 14. Nb3 Be7 15.
Nh4 $14 {Glek,I-Paehtz,T/Deizisau 2000}) (11. c3 Nd7 12. b3 $5 O-O 13. O-O f5
14. Ned2 c5 15. c4 Bc6 (15... bxc4 16. bxc4 Bb7 17. d5 exd5 18. Qd3 $1 $36) 16.
Rad1 Rc8 $6 17. d5 $1 exd5 18. Qd3 $1 $14 {Ponomariov,R-Morozevich,A/Moscow
2001}) 11... Nc6 $6 {[%csl Rc6] The knight is very awkwardly placed on c6 so
it was better to develop it to d7 with complicated struggle.} (11... Nd7 12.
O-O Nb6 (12... f5 $6 13. Nc3 Bb7 14. d5 $1 Bc5 (14... exd5 15. Nd4 $16 {
[%csl Rd5,Re8,Rf5][%cal Gd4f5]}) 15. Qe2 Qf6 16. Rae1 O-O-O 17. dxe6 fxe6 18.
Qxe6 b4 19. Qxf6 Nxf6 20. Na4 Ba7 21. Ne5 $14) 13. b3 b4 14. c4 bxc3 15. Nxc3
Bb7 $132) 12. O-O b4 (12... Nb4 13. Rfc1 Nxa2 14. Rxa2 Bxa2 15. b3 a5 16. Ra1
a4 17. Rxa2 axb3 18. Rxa8 Qxa8 19. cxb3 $16) 13. Rfc1 $5 {[%cal Gc2c4]} f5 14.
Ned2 Bf6 15. c4 bxc3 16. bxc3 Rb8 (16... h5 $6 17. Rab1 h4 18. c4 Bxd4 19. Qf4
$1 $18 {[%cal Gg2a8]}) 17. Ne1 Bg5 $2 {Missing white's reply.} (17... f4 $5 18.
gxf4 Bxg2 (18... Nxd4 $6 19. Bxd5 $1 Qxd5 20. Ne4 $1 Ke7 21. cxd4 Bxd4 22. Qa3+
c5 23. Ng3 Bxa1 24. Rxc5 $18 {[%cal Ga3e7]}) 19. Nxg2 Rg8 20. Ne4 Kf8 21. Ng3
$14) 18. Bxd5 $1 Bxe3 19. Bxc6+ Ke7 20. fxe3 $16 {In the middlegame 3 minor
pieces are much stronger than the queen. In the arising position white has no
weaknesses so black has to be very creative to come up with active counterplay.
} h5 21. Nd3 h4 22. Nf1 $5 hxg3 23. hxg3 Qg8 $6 {Black could still put up some
resistance after} (23... Qd6 $8 {[%csl Rg3][%cal Gb8g8]} 24. Bg2 Rbg8 25. Kf2 (
25. Rab1 Rxg3 26. Nxg3 Qxg3 27. Re1 Rh2 28. Nf4 f6 29. Re2 e5) 25... Rh6 26.
Nf4 Qa3 27. Rc2 $16) 24. Rab1 Qh7 25. Rb3 f6 26. Bg2 Rb6 27. Nb4 $18 Kd7 28.
Ra3 Qh5 29. Re1 $1 e5 30. Ra5 (30. Rxa6 $18) 30... Re8 31. Nd3 e4 32. Nc5+ Ke7
33. Nxe4 Rb2 34. Ned2 Qf7 35. Rxa6 Rxa2 36. Rc6 Kd7 37. Rc5 Qg7 38. Bc6+ Kd8
39. Rd5+ Kc8 40. Bxe8 Rxd2 41. Bd7+ Kd8 42. Bc6+ Kc8 43. Ra1 Rb2 44. Ra8+ Rb8
45. Rxb8+ Kxb8 46. Ra5 1-0

[Event "Corus-B"]
[Site "Wijk aan Zee"]
[Date "2003.01.18"]
[Round "6"]
[White "Hector, Jonny"]
[Black "Koneru, Humpy"]
[Result "1-0"]
[WhiteElo "2570"]
[BlackElo "2496"]
[Annotator "Finkel,A"]
[PlyCount "81"]
[EventDate "2003.01.14"]
[EventType "tourn"]
[EventRounds "13"]
[EventCountry "NED"]
[EventCategory "13"]
[SourceTitle "CBM 093"]
[Source "ChessBase"]
[SourceDate "2003.04.01"]
[SourceVersion "1"]
[SourceVersionDate "2003.04.01"]
[SourceQuality "1"]

1. d4 d5 2. Nc3 Nf6 3. Bg5 Nbd7 4. Qd3 e6 {Transposing into a french defense.}
5. e4 dxe4 6. Nxe4 Be7 7. Nxf6+ Bxf6 8. Bxf6 Qxf6 9. Nf3 O-O (9... c5 10. O-O-O
cxd4 11. Qxd4 Qxd4 12. Nxd4 a6 13. g3 b6 14. Bg2 Ra7 15. Nc6 Rc7 16. Rd6 $14 {
Tolnai,T-Balogh,C/Budapest 2000}) 10. Qe3 $1 {This move aimed to prevent e5
poses before black serious problems.} (10. Qc3 c5 11. O-O-O cxd4 12. Qxd4 Qf5
13. Bd3 Qa5 14. Kb1 Re8 15. Qh4 Nf8 16. Rhe1 e5 $11 {Johner,P-Znosko Borovsky,
E/Ostend 1906}) (10. O-O-O e5 11. Qe3 exd4 12. Rxd4 Nc5 13. Rf4 Qh6 $11 {
Shirazi,K-Quinteros,M/Jakarta 1978}) (10. Be2 Re8 11. Qe4 Qe7 12. O-O Nf6 13.
Qh4 Nd5 14. Qxe7 Rxe7 15. a3 f6 16. Rfe1 b6 17. g3 c6 $11 {Vymazal,B-Petr,M/
Czechia 2001}) 10... c5 11. O-O-O (11. Bd3 cxd4 12. Qxd4 Qxd4 13. Nxd4 Nc5 14.
Bc4 Bd7 15. O-O-O Rfd8 16. Rhe1 a6 17. Nb3 Nxb3+ 18. Bxb3 Bc6 $11 {Roesch,
A-Orsag,M/Germany 1996}) 11... b6 (11... cxd4 12. Rxd4 e5 13. Re4 Qe6 14. Bc4
Qc6 15. Bb3 Nf6 16. Rc4 $16) 12. Bb5 $1 {Concrete approach to the position.
Black faces problems to complete development of the pieces on the queenside so
white increases a pressure.} cxd4 13. Rxd4 Qe7 (13... Nc5 14. Ne5 a6 15. Bc6
Ra7 16. Rhd1 Rc7 17. g4 $16) 14. Bc6 Rb8 15. Rhd1 $16 Nf6 (15... Nc5 16. b4 Na6
17. a3 $16 {[%csl Ra6,Rc8]}) 16. Qe5 $1 {Winning material since black has no
satisfactory move with the bishop.} Ba6 (16... Bb7 17. Rd7 Nxd7 18. Rxd7 Qb4
19. Rxb7 Rxb7 20. Bxb7 Qc4 $16 {[%cal Gc4f1,Gc4a2]}) 17. Ra4 $1 $18 {[%csl Ra6]
Poor bishop can't find a safe place on the board.} Rbc8 (17... Bb7 18. Rxa7 $18
) 18. Nd4 Ng4 (18... Qc5 19. Qxc5 bxc5 20. Rxa6 cxd4 21. Rxd4 $18) 19. Qf4 $1 {
Last touch. after this move black has to give up an exchange.} (19. Qg3 e5 20.
Nf5 Qg5+ 21. Ne3 Rxc6 22. Qxg4 Qxg4 23. Nxg4 Be2 24. Nxe5 $16) 19... h5 20.
Rxa6 e5 21. Nf5 $1 Qf6 22. Qf3 {Defending the bishop on c6.} Rxc6 23. Qxc6 Qxf5
24. Qf3 Qg5+ 25. Kb1 Nxh2 (25... Qe7 26. h3 Nf6 27. Ra3 $18) 26. Qg3 Ng4 27. f3
Rd8 28. Rxd8+ Qxd8 29. Qe1 Nf6 30. Rxa7 e4 31. fxe4 Nxe4 32. a4 f5 33. Qe2 Qg5
34. Rb7 Qg6 35. Qb5 Qg4 36. Rxb6 h4 37. a5 Nd2+ 38. Ka2 Nc4 39. Rc6 Ne3 40. a6
Qd4 41. c3 1-0

[Event "FRA-chT Gp-A"]
[Site "France"]
[Date "2003.01.31"]
[Round "1.2"]
[White "Degraeve, Jean Marc"]
[Black "Mullon, Jean Baptiste"]
[Result "1-0"]
[WhiteElo "2542"]
[BlackElo "2313"]
[Annotator "Finkel,A"]
[PlyCount "101"]
[EventDate "2003.01.31"]
[EventType "team"]
[EventRounds "7"]
[EventCountry "FRA"]
[SourceTitle "CBM 094"]
[Source "ChessBase"]
[SourceDate "2003.05.26"]
[SourceVersion "1"]
[SourceVersionDate "2003.05.26"]
[SourceQuality "1"]
[WhiteTeam "Clichy"]
[BlackTeam "Sautron"]
[WhiteTeamCountry "FRA"]
[BlackTeamCountry "FRA"]

1. e4 e6 2. d4 d5 3. Nc3 Nf6 4. Bg5 dxe4 5. Nxe4 Be7 6. Bxf6 gxf6 7. Qd3 $5 {
Very agressive continuation leading to a sharp play with mutual chances.} a6 (
7... Nd7 8. O-O-O f5 9. Nc3 c6 10. Nf3 $5 (10. g4 $5 fxg4 11. h3 gxh3 12. Bxh3
Qc7 13. Nf3 b6 14. Kb1 Bb7 15. Ne5 $1 $44 {Velimirovic,D-Andersson,U/Bar 1997})
10... Qc7 11. Qe3 Rg8 12. Kb1 Nf6 13. h3 $5 {[%cal Gf3e5]} b5 $5 14. Ne5 b4 15.
Na4 Nd5 16. Qb3 Rb8 17. g4 c5 18. Bc4 $5 $36 {Sherbakov,R-Kiriakov,P/
Ekaterinburg 1999}) (7... b6 8. O-O-O Bb7 9. Qf3 (9. Nc3 c6 10. Qg3 (10. f4 f5
$5 (10... Qc7 11. f5 $36) 11. g4 $5 fxg4 12. f5 Qd6 $5 13. fxe6 fxe6 14. h3 $5
Nd7 $5 15. hxg4 O-O-O $11 {Magem Badals,J-Gurevich,M/French-chT 1999}) 10... f5
(10... Kf8 11. Qh3 h6 12. Bc4 Qd6 13. Nge2 b5 14. Ne4 Qc7 15. Bb3 Nd7 16. f4 f5
$15 {Rainfray,A-Touzane,O/ch-FRA (team) 1999}) 11. Nf3 Nd7 12. Bc4 Nf6 13. Ne5
Rg8 14. Qh3 b5 15. Bb3 $14 {Magem Badals,J-Herraiz,H/ESP-chT 1995}) 9... c6 10.
Bc4 Na6 11. Qh5 $1 Nc7 12. Nf3 Nd5 13. Rhe1 Rf8 14. Qxh7 Qd7 15. Qh6 O-O-O 16.
Kb1 $16 {Velimirovic,D-Stamenkovic,Z/JUG-ch52 1997}) (7... f5 $5 8. Nc3 Bf6 $6
(8... c6 9. f4 Na6 $5 10. a3 Qa5 11. g3 h5 12. h3 Rg8 13. O-O-O Rb8 $5 14. Bg2
Bd7 $6 (14... h4 $5) 15. Nce2 b5 16. b4 $1 $14 {Sinz,B-Petrosian,K/Schwaebisch
Gmuend op 1994 (26)}) 9. O-O-O c6 10. Qe3 Qe7 11. f4 Nd7 12. Nf3 b6 13. Ne5 Bb7
14. Be2 O-O-O 15. Bf3 $1 $14 {Dworakowska,J-Radziewicz,I/POL-chJW U20 1994 (36)
}) 8. O-O-O Qd5 $5 {Wasting 2 tempi in the opening is not a thing black can
afford to himself.} (8... f5 9. Nc3 Qd6 10. Nf3 (10. g3 Nd7 11. Bg2 c6 12. Nf3
b5 13. Ne5 Nxe5 14. dxe5 Qxd3 15. Rxd3 Bd7 16. Rhd1 $14 {Rainfray,A-Mullon,J/
France 2003}) 10... Nd7 11. Qe3 b5 12. Bd3 Bb7 13. Rhe1 Rg8 14. d5 Bxd5 15.
Bxf5 c6 16. Bxh7 Rxg2 17. Bd3 Qc5 18. Nxd5 $13 {1/2-1/2 Tirard,H-Mullon,J/
Marseilles 2001}) 9. Nc3 Qa5 10. d5 $1 e5 $6 {[%csl Re4,Rf5] Giving up a
control over the light squares in the center.} (10... Nd7 11. Qg3 $5 {[%cal
Gg3g7]} (11. Nge2 Nb6 12. Nd4 Nxd5 13. Nb3 Qb4 14. Nxd5 exd5 15. Qxd5 Be6 $13)
11... f5 12. Nf3 Bf6 13. dxe6 fxe6 14. Nd4 Nc5 15. Qe3 $36) 11. Nge2 b5 (11...
f5 12. f4 e4 13. Qh3 $1 $16 {[%csl Rb8,Rc8]}) 12. Kb1 Nd7 (12... b4 13. Ne4 f5
14. d6 $1 (14. Nd2) 14... cxd6 15. Nxd6+ Bxd6 16. Qxd6 Be6 17. Nc1 $16) 13. Ng3
$16 {White knights dominate the position.} Nb6 (13... Nc5 14. Qf3 $16 {[%cal
Gd5d6,Gg3f5]}) 14. Qf3 Rg8 15. Nf5 Rb8 16. d6 $5 ({Even stronger was} 16. Nxe7
$1 Kxe7 17. d6+ cxd6 18. Qc6 Qb4 (18... Rd8 19. Qc7+ Bd7 20. Qxd6+ $18) 19.
Qc7+ Bd7 20. Qxb6 $1 $18 {winning a piece, however a move in the game also
leads to a winning position for white.}) 16... cxd6 17. Qc6+ Bd7 18. Nxe7 $1
Nc8 (18... Bxc6 19. Nxc6 $18 {[%csl Ra5]}) 19. Ncd5 $1 $18 {Very nice idea!
White takes full advantage of the fact that black queen is trapped on a5.} (19.
Qxd7+ Kxd7 20. Nxg8 f5 21. Nh6 $18) 19... Bxc6 20. Nxc6 Qa4 21. Nxb8 Rg6 22.
Nxa6 $1 {White has huge material and positional advantage so no questions
about the game are left.} Kf8 23. Nab4 f5 24. a3 Qa7 25. f4 Qc5 (25... Ne7 26.
Nxe7 Qxe7 27. g3 $18) 26. g3 Rh6 27. Nc3 Qf2 28. Nd3 (28. Bxb5 $5) 28... Qe3
29. Re1 Qf3 30. Be2 Qg2 31. fxe5 dxe5 32. Nxe5 Rxh2 33. Rhg1 Qf2 34. Nxb5 Nb6
35. Nc3 f6 (35... Rg2 36. Rgf1 Qxg3 37. Bd3 h5 38. a4 $18) 36. Nd3 Qd4 37. Nf4
Qd2 38. Rd1 Qe3 39. Bd3 h5 40. Bxf5 Nc4 41. Rd8+ Kf7 42. Bg6+ Kg7 43. Rd7+ Kh6
44. Rh7+ Kg5 45. Ne4+ Kg4 46. Nxf6+ Kg5 47. Ne4+ Kg4 48. Rf1 Nxa3+ 49. Ka2 Nxc2
50. Bxh5+ Rxh5 51. Rg7+ 1-0

[Event "Corus"]
[Site "Wijk aan Zee"]
[Date "2000.01.18"]
[Round "3"]
[White "Polgar, Judit"]
[Black "Morozevich, Alexander"]
[Result "0-1"]
[WhiteElo "2658"]
[BlackElo "2748"]
[Annotator "Finkel,A"]
[PlyCount "72"]
[EventDate "2000.01.15"]
[EventType "tourn"]
[EventRounds "13"]
[EventCountry "NED"]
[EventCategory "18"]
[SourceTitle "CBM 075"]
[Source "ChessBase"]
[SourceDate "2000.04.05"]
[SourceVersion "1"]
[SourceVersionDate "2000.04.05"]
[SourceQuality "1"]

1. e4 e6 2. d4 d5 3. Nc3 Nf6 4. Bg5 dxe4 5. Nxe4 Be7 6. Bxf6 gxf6 7. Nf3 a6 $5
{Morozevich is ready to play variation which braught him to painful losses in
Frankfurt against Leko and Lutz.} (7... Nd7 $5 8. Bd3 c5 9. O-O O-O 10. Qd2 f5
11. Nxc5 Nxc5 12. dxc5 Bf6 $5 $44 {Rogers,I-Short,N/Novi Sad olm 1990}) (7...
Qd5 8. Bd3 Bd7 9. O-O Nc6 10. c4 Qh5 11. Ng3 Qg4 12. d5 $14 {Lendwai,R-Fauland,
A/Graz 1991}) 8. g3 (8. Qd2 f5 9. Nc3 b5 10. O-O-O {1/2-1/2 Watson,W-Anand,V/
Palma de Mallorca GMA 1989}) (8. Bd3 Nd7 9. Qe2 c5 10. dxc5 Qa5+ 11. Qd2 Qxd2+
12. Nfxd2 Nxc5 13. Nxc5 Bxc5 $11 {Cohn,E-Swiderski,R/Wien 1908}) 8... b5 9. Bg2
Bb7 10. Qe2 Nd7 $146 {This move is the novelty.After} (10... Bd5 11. Nc3 c6 (
11... Bb4 $5 12. Qe3 c6 13. O-O-O Bxc3 14. Qxc3 Nd7 15. Rhe1 Qb6 $14) 12. O-O-O
Nd7 13. Kb1 Nb6 (13... Bc4 14. Qe3 b4 15. Ne2 Nb6 16. Nd2 Nd5 17. Qf3 Bb5 18.
Rhe1 $14) 14. Rhe1 $14 {white has got better chanse in Leko,P-Morozevich,A/
Frankfurt-West Masters 1999}) 11. O-O O-O 12. Rad1 Bd5 13. Rfe1 Kh8 14. Nfd2 {
This game is interesting and quiet unusual:J.Polgar simply didn't manage to
find a plan or reasonable set up for the pieces and it looked like she was
just making moves without visible connection between them.} (14. a3 c6 15. Nc3
f5 16. Ne5 Nxe5 17. dxe5 $14 {[%cal Ge2e3,Gc3e2,Ge2f4]}) 14... c6 15. c4 bxc4
16. Nxc4 a5 $5 (16... Nb6 17. Nxb6 Qxb6 18. Nc3 Bd6 19. Bxd5 cxd5 20. Qf3 f5
21. b3 $13) 17. Nc3 Re8 18. Ne3 $6 f5 19. Nc4 Qb8 20. Na4 $6 (20. Ne5 Nxe5 21.
dxe5 Rg8 22. Qh5 Rg6 23. Rd2 (23. Ne2 Qxb2 24. Nf4 Rg7) 23... Qb4 $13) 20...
Qb4 21. b3 Bf6 22. Qc2 Rg8 23. Qc1 (23. a3 Qf8 $5 {[%csl Ra3,Rb3]} (23... Qb8
24. Nc5 Nxc5 25. dxc5 Rg4 26. Nb6 $14) 24. Nab6 Nxb6 25. Nxb6 Ra7 $13) 23...
Rg4 24. Ne5 Nxe5 25. dxe5 Be7 26. Rd3 Rag8 $36 {I don't see where white made
mistake,but now her position is pretty bad!} 27. Red1 f4 28. Qc3 $6 fxg3 29.
hxg3 h5 $1 $17 {[%csl Ra4] The knight on a4 is out of play,while black
develops the inititive on the kingside.} 30. Bxd5 cxd5 31. Rf3 Kg7 (31... R8g7
$5) 32. Qc7 (32. Rfd3 h4 33. Rd4 $6 Rxd4 34. Rxd4 Qxc3 35. Nxc3 hxg3 36. Rg4+
Kf8 37. Rxg8+ Kxg8 38. fxg3 Bc5+ 39. Kg2 Bd4 $19) 32... h4 33. Kg2 hxg3 34.
fxg3 Qe4 $1 $19 {After this simple and very strong move at the sme time white
is helpless.} 35. Qc3 (35. Qxe7 Qe2+ 36. Rf2 (36. Kh3 Qxf3 37. Qf6+ Qxf6 38.
exf6+ Kxf6 $19 {[%csl Gg4][%cal Gg8g4]}) 36... Rxg3+ $1 37. Kxg3 Kh8+ {[%cal
Gg8g3]} 38. Kh3 Qg4+ 39. Kh2 Qh5+ 40. Qh4 Qxh4#) (35. Nc3 Rxg3+ $1 36. Kxg3
Kh8+ 37. Kf2 Bh4+ $19) (35. Rdf1 Rxg3+ $1 36. Kxg3 Qh4+ 37. Kg2 Kh8+ $19) 35...
Qe2+ 36. Kh3 Rg5 0-1